Personaggi famosi nati a Modena - Statistics

Statistiche generali
  • Questo quiz è stato fatto 110 volte
  • Il punteggio medio è 4 su 6
Statistiche sulle risposte
con Immagini Risposta % Corretto
Luciano Pavarotti
99%
Benji e Fede
86%
Enzo Ferrari
73%
Francesco Guccini
63%
Le Donatella
56%
Caterina Caselli
24%
Nessun quiz corrispondente trovato
Distribuzione punteggi
Percentuale di utenti per punteggio
Percentile per numero di risposta
I tuoi punteggi nel tempo
Non hai fatto questo quiz